000 00600nam a22001817a 4500
003 BUBTL
008 191102b xxu||||| |||| 00| 0 eng d
020 _a978-954-180-3
082 _a891.44 / AHB
100 _91693
_aআহমেদ, হুমায়ূন
245 _aবিপদ /
_cহুমায়ূন আহমেদ
260 _aঢাকা :
_bশিখা প্রকাশনী,
_cc1991.
300 _a62 p.
_c22 cm.
650 0 _91687
_aবাংলা সাহিত্য
856 _k0
_l0
_yDownload
942 _2ddc
_cBK
999 _c6136
_d6136